000
00457nam a2200133Ia 4500
008
100328s9999 xx 000 0 und d
082
_b
63358
100
_a
टिकेकर अशोक.
245
_a
नवरा बायको का भांडतात.
260
_b
संयम.
630
_a
नवरा बायको का भांडतात.
730
_a
नवरा बायको का भांडतात.
942
_c
BOOK
999
_c
549246
_d
549243